000
00270nam a22001217a 4500
999
_c
530083
_d
530083
003
NUST
005
20191009115421.0
038
_a
Nusrat Nadeem
082
_a
620.1 FRA
100
_a
White Frank M
_9
3282
245
_a
Fluid Mechanics
_c
Frank M. White
942
_2
ddc
_c
BK